00642nam a2200241Ia 4500008004100000020001600041100002100057245003000078245002100108260001500129260002000144260000900164300002600173300002700199300001100226440003000237500005300267650001500320650001300335650002200348650002200370700000800392160803s9999 xx 000 0 und d a0 590341308 aBridwell, Norman aClifford's first autumn / cNorman Bridwell. aNew York : bScholastic Inc. c1997 a1 volume (unpaged) :  bcolor illustrations ;  c21 cm. aClifford the big red dog. aPublisher's advertisements on p. [4] of wrapper. aAutumn --  aDogs --  xJuvenile fiction. xJuvenile fiction. a310